Which Witch is Which? Quiz Stats

 Plays Quiz Updated Nov 21, 2016

Also try: The Magic Quiz
Challenge
Share
Tweet
Embed
Score 0/20 Timer 05:00
3 Plays Today
% Correct
Wicked Witch of the West
95.2%
Hermione Granger
91.3%
Ursula
87.5%
Samantha Stephens
79.3%
Maleficent
76%
The Three Witches
69.6%
Jadis the White Witch
69.1%
Rarity the Unicorn
63.4%
Queen Grimhilde
55.9%
Morgan Le Fey
54.8%
% Correct
Circe
54%
Willow Rosenberg
53.1%
Baba Yaga
51.2%
Prue Halliwell
49.6%
Witch Hazel
44.4%
Bonnie Bennett
36.5%
Grand High Witch
36%
Sycorax
31.3%
Serafina Pekkala
30.3%
'Granny' Weatherwax
24.9%

You're not logged in!

Compare scores with friends on all Sporcle quizzes.
Join for Free
OR
Log In

You Might Also Like...

Show Comments

Extras

Top Quizzes Today


Score Distribution

Your Account Isn't Verified!

In order to create a playlist on Sporcle, you need to verify the email address you used during registration. Go to your Sporcle Settings to finish the process.

Report this User

Report this user for behavior that violates our Community Guidelines.

Details: